000 00358 a2200121 4500
001 ART_5840
005 20260410161828.0
008 260409a
245 1 0 _aConvergencia arriba, divergencia abajo
100 1 _aHeymann, Daniel
700 1 _aRamos, Adrián
773 0 _tEstudios Económicos
_g- Vol. 23, Nº 47 (jul./dic. 2006)
_wREV5080
999 _c22981
_d22981